000 00401nam a2200121Ia 4500
008 210430s9999 xx 000 0 und d
082 _a320.95409041 M234H
100 _aMalik Nadeem Shafique.
245 _aHamaray Bohat hi piyaray Quaid-e-Azam ہمارے بیت ہی پیارے قائداعظم /
_cMalik Nadeem Shafique.
260 _aLahore.
_bFiction.
_c2015
300 _a143p.
942 _cBK
_2ddc
999 _c565536
_d565536